| 000 | 01050naa a22003137a 4500 | ||
|---|---|---|---|
| 001 | BR9504723 | ||
| 003 | BR-BrBNA | ||
| 005 | 20240918181354.0 | ||
| 007 | ta | ||
| 008 | 230509b bl.||||| |||| 00| 0 por d | ||
| 040 |
_aBR-BrBNA _bpor _cBiblioteca Nacional de Agricultura |
||
| 041 | _a(Pt) | ||
| 072 |
_aL01; C10 _b7110 |
||
| 090 | _aL01 BR9504723 | ||
| 100 | 1 | _aKurletto, S. | |
| 111 | 1 |
_a3. Congresso Brasileiro de Apicultura _cPiracicaba, SP (Brazil) _d5-7 Sep 1974 |
|
| 245 | 1 | _aEnsaio sobre a ecologia apicola do sul do Parana | |
| 260 | 3 |
_aPiracicaba, SP (Brasil): _c1975. |
|
| 500 | _aAnais do 3. Congresso Brasileiro de Apicultura Piracicaba, SP (Brasil): 1975. p. 259-272 (BR9504723-AM)L01 | ||
| 650 | _aApicultura | ||
| 650 | _aVegetacao | ||
| 650 | _aClima | ||
| 650 | _aAssistencia Tecnica | ||
| 650 | _aCurso | ||
| 650 | _aParana | ||
| 773 | 0 |
_tAnais do 3. Congresso Brasileiro de Apicultura _wL01 BR9504723 _gPiracicaba, SP (Brasil), 1975. p. 259-272 |
|
| 909 |
_a202404 _bLucia _c55 _dLucia Elande |
||
| 942 |
_cAM _2AGRIS |
||
| 999 |
_c324989 _d324989 |
||